Powiaty Polski według liter - Statystyki

Ogólne statystyki
  • Ten quiz został rozwiązany 11 259 razy
  • Średni wynik to 12 z 23
Odpowiedzi na mapie
Odpowiedzi zakodowano w zielono-czerwonej skali na mapie do tego quizu, zgodnie z poniższymi procentami.
 
Statystyki odpowiedzi
Odpowiedź % Poprawnych
K
70%
O
68%
P
68%
B
67%
G
66%
W
65%
S
63%
L
60%
R
59%
T
59%
Ł
58%
C
55%
Z
55%
N
49%
E
48%
Ś
47%
M
43%
J
40%
Ż
40%
A
38%
H
38%
D
35%
I
32%
Nie znaleziono quizów pasujących do podanych kryteriów
Rozkład punktacji
Procent ludzi z każdym wynikiem
Percentyl według liczby udzielonych odpowiedzi
Twoja historia wyników
Nie rozwiązałeś tego quizu